[Event "SR 3. liga A2 2006/2007"]
[Site "?"]
[Date "2007.01.14"]
[Round "6"]
[White "Pribila, Gerhard"]
[Black "Palka, Miroslav"]
[Result "1/2-1/2"]
[WhiteElo "2022"]
[BlackElo "2055"]
[Annotator "Senica B - Gbely  /2/"]
[PlyCount "111"]
[EventDate "2006.??.??"]

1. e4 c5 2. Nf3 d6 3. d4 cxd4 4. Nxd4 Nf6 5. Nc3 g6 6. Be3 Bg7 7. f3 O-O 8. Qd2
Nc6 9. Bc4 Bd7 10. O-O-O Ne5 11. Bb3 Qa5 12. Kb1 Rfc8 13. Bg5 Nc4 14. Bxc4 Rxc4
15. Nb3 Qa6 16. Bxf6 Bxf6 17. Nd5 Bg7 18. Nxe7+ Kf8 19. Nd5 Be6 20. Nf4 Rac8
21. Nxe6+ fxe6 22. Qxd6+ Qxd6 23. Rxd6 Rxc2 24. Rd8+ Rxd8 25. Kxc2 b6 $13 26.
Rc1 a5 27. a4 Be5 28. h3 Ke7 29. Kb1 Rd3 30. Ka2 Re3 31. Rc2 Kf6 32. Nc1 Re1
33. Nd3 Rg1 34. Nxe5 Kxe5 35. Kb3 Kf4 36. Kc4 Kg3 37. Kb5 Rxg2 38. Rxg2+ Kxg2
39. Kxb6 Kxh3 40. Kxa5 Kg2 41. b4 h5 42. b5 h4 43. b6 h3 44. b7 h2 45. b8=Q
h1=Q 46. Qb3 Qh5+ 47. Kb6 Qe5 48. Kc6 g5 49. Qb5 Qc3+ 50. Kd6 Kxf3 51. Kxe6 Qg7
52. e5 g4 53. Qd3+ Kf2 54. Qf5+ Ke3 55. Qf6 Qg8+ 56. Kf5 1/2-1/2

[Event "SR 3. liga A2 2006/2007"]
[Site "?"]
[Date "2007.01.14"]
[Round "6"]
[White "Sebesta, Radovan"]
[Black "Vach, Jozef"]
[Result "1-0"]
[WhiteElo "2057"]
[BlackElo "1992"]
[Annotator "Senica B - Gbely  /3/"]
[PlyCount "87"]
[EventDate "2006.??.??"]

1. d4 d5 2. c4 e6 3. Nc3 Nf6 4. cxd5 exd5 5. Bg5 Be7 6. Qc2 c6 7. e3 Be6 8. Bd3
Nbd7 9. Nge2 h6 10. Bh4 Nf8 11. O-O Bg4 12. f3 Bh5 13. Nf4 g5 14. Nxh5 Nxh5 15.
Bf2 Ne6 16. Rad1 Qd7 17. a3 a5 18. Na4 Bd8 19. Bf5 Nhg7 20. Nc5 Qe7 21. e4 Nxc5
22. exd5 Qf6 23. Rfe1+ Nce6 24. dxe6 Qxf5 25. exf7+ Kxf7 26. Qb3+ Kf6 27. d5
Qc8 28. Bd4+ Kg6 29. Qd3+ Kf7 30. d6 Rg8 31. Qb3+ Ne6 32. Bc5 Qd7 33. Rxe6 Qxe6
34. Qxb7+ Kg6 35. Qxa8 Bb6 36. Qxc6 Bxc5+ 37. Qxc5 Rc8 38. Qd5 Qe3+ 39. Kf1 Re8
40. Qd3+ Qxd3+ 41. Rxd3 Rd8 42. b4 Kf6 43. d7 Ke7 44. bxa5 1-0

[Event "SR 3. liga A2 2006/2007"]
[Site "?"]
[Date "2007.01.14"]
[Round "6"]
[White "Jozefovic, Milan"]
[Black "Skapikova, Lubica"]
[Result "0-1"]
[WhiteElo "1956"]
[BlackElo "2013"]
[Annotator "Senica B - Gbely  /4/"]
[PlyCount "104"]
[EventDate "2006.??.??"]

1. e4 e5 2. Nf3 Nc6 3. d4 exd4 4. Nxd4 Nf6 5. Nc3 Bb4 6. Bg5 d6 7. Bb5 Bd7 8.
O-O Bxc3 9. bxc3 O-O 10. Bxc6 bxc6 11. Qf3 Rb8 12. Rab1 Qe7 13. Bxf6 Qxf6 14.
Qxf6 gxf6 15. Rb3 c5 16. Nf3 Be6 17. Ra3 a6 18. Rc1 Rb6 19. Nd2 Rfb8 20. f3 f5
21. Kf2 fxe4 22. fxe4 f6 23. Ke3 Kf7 24. g3 Ke7 25. c4 Ra8 26. Rb3 Rb4 27. Kd3
f5 28. Re1 Kd7 29. Kc3 a5 30. exf5 Bxf5 31. Rf1 Be6 32. Rf4 Rg8 33. a3 Rbb8 34.
Rb5 a4 35. Ne4 c6 36. Nf6+ Kc7 37. Rxb8 Rxb8 38. Nxh7 d5 39. cxd5 cxd5 40. Rxa4
d4+ 41. Kd2 Kb6 42. Nf6 Rf8 43. Ne4 Bd5 44. Nxc5 Kxc5 45. Ra5+ Kc4 46. Ra4+ Kc5
47. Ra5+ Kc4 48. Ra4+ Kc5 49. c3 Rf2+ 50. Ke1 dxc3 51. Ra5+ Kd4 52. Kd1 Bb3+
0-1

[Event "SR 3. liga A2 2006/2007"]
[Site "?"]
[Date "2007.01.14"]
[Round "6"]
[White "Zisek, Jaroslav"]
[Black "Kocak, Branislav"]
[Result "1-0"]
[WhiteElo "1946"]
[BlackElo "1774"]
[Annotator "Senica B - Gbely  /5/"]
[PlyCount "75"]
[EventDate "2006.??.??"]

1. c4 c6 2. Nc3 d5 3. d4 e6 4. e3 Nf6 5. Nf3 Nbd7 6. Bd3 Bd6 7. O-O O-O 8. Qc2
dxc4 9. Bxc4 b5 10. Bd3 Bb7 11. e4 e5 12. h3 Re8 13. Be3 a5 14. Rad1 Qc7 15.
dxe5 Nxe5 16. Nxe5 Bxe5 17. f4 Bxc3 18. bxc3 h6 19. e5 Nd5 20. Bc5 b4 21. c4
Nc3 22. Rde1 Rad8 23. Bd6 Qb6+ 24. c5 Qa7 25. Qd2 Ba6 26. Bxa6 Qxa6 27. f5 Qc4
28. Qe3 Qxa2 29. f6 Nd5 30. Qg3 g6 31. e6 a4 32. exf7+ Kxf7 33. Re7+ Nxe7 34.
fxe7+ Kg7 35. exd8=Q Rxd8 36. Qe5+ Kg8 37. Qe7 Ra8 38. Be5 1-0

[Event "SR 3. liga A2 2006/2007"]
[Site "?"]
[Date "2007.01.14"]
[Round "6"]
[White "Zajicek, Ferdinand"]
[Black "Palka, Martin"]
[Result "0-1"]
[WhiteElo "1753"]
[BlackElo "1901"]
[Annotator "Senica B - Gbely  /6/"]
[PlyCount "86"]
[EventDate "2006.??.??"]

1. e4 c5 2. Nf3 Nc6 3. Nc3 g6 4. Bc4 Bg7 5. O-O e6 6. d3 d6 7. a3 Nge7 8. h3 a6
9. Ne2 O-O 10. c3 d5 11. Ba2 d4 12. Bd2 h6 13. cxd4 cxd4 14. Ng3 Kh7 15. Qc1
Bd7 16. Qe1 Qb6 17. Rb1 Rac8 18. Qe2 e5 19. b4 Nd8 20. Rfc1 Ne6 21. Rxc8 Rxc8
22. Qd1 Qd6 23. Ne2 f5 24. Ne1 fxe4 25. dxe4 g5 26. Nd3 b6 27. Ng3 Nf4 28. Bxf4
gxf4 29. Ne2 Qg6 30. Ndxf4 exf4 31. Nxf4 Qxe4 32. g3 Bc6 33. Qd3 Qxd3 34. Nxd3
Be4 35. Rd1 Bxd3 36. Rxd3 Rc3 37. Rd1 Rxa3 38. Bb1+ Kg8 39. Re1 Kf8 40. Be4 Rb3
41. Bb7 Rxb4 42. Bxa6 Nd5 43. Re6 Nc7 0-1

[Event "SR 3. liga A2 2006/2007"]
[Site "?"]
[Date "2007.01.14"]
[Round "6"]
[White "Fidericky, Milan"]
[Black "Papanek, Lubomir"]
[Result "1-0"]
[WhiteElo "1888"]
[BlackElo "1684"]
[Annotator "Senica B - Gbely  /7/"]
[PlyCount "91"]
[EventDate "2006.??.??"]

1. e4 c5 2. e5 d5 3. exd6 Nf6 4. Nf3 Nc6 5. dxe7 Bxe7 6. Be2 O-O 7. O-O Bf5 8.
b3 Qc7 9. Bb2 Rfe8 10. Nc3 a6 11. Re1 Rad8 12. d3 Bd6 13. h3 Qc8 14. Bf1 Bg6
15. Qd2 Bh5 16. Ng5 Nd4 17. Nce4 Nxe4 18. Nxe4 Bb8 19. Qg5 Qxh3 20. Nf6+ Kh8
21. Rxe8+ Rxe8 22. Qxh5 Nf3+ 23. gxf3 Qxh5 24. Nxh5 f6 25. Nxf6 gxf6 26. Bxf6+
Kg8 27. Bc3 Kf7 28. Re1 Rg8+ 29. Bg2 h5 30. Re4 b5 31. Kh1 Bc7 32. Bh3 Rg6 33.
f4 b4 34. Bb2 Bd8 35. Bf5 Rb6 36. Bd7 Be7 37. f5 Bf6 38. Bxf6 Rd6 39. Be6+ Kxf6
40. Rc4 Rc6 41. d4 Rd6 42. d5 Kg5 43. Rxc5 Kf4 44. Rc6 Rd8 45. d6 Kf3 46. d7
1-0

[Event "SR 3. liga A2 2006/2007"]
[Site "?"]
[Date "2007.01.14"]
[Round "6"]
[White "Brunovsky, Peter"]
[Black "Havlicek, Peter"]
[Result "0-1"]
[WhiteElo "1649"]
[BlackElo "1715"]
[Annotator "Senica B - Gbely  /8/"]
[PlyCount "80"]
[EventDate "2006.??.??"]

1. d4 d5 2. Nf3 Nf6 3. Bf4 e6 4. e3 Bd6 5. Bg5 Nbd7 6. Nbd2 O-O 7. c4 c6 8. c5
Be7 9. Bd3 b5 10. b4 h6 11. Bf4 a5 12. a3 a4 13. Qc2 Re8 14. O-O-O Ng4 15. Rdf1
f5 16. h3 Ngf6 17. Ne5 Nxe5 18. Bxe5 Ne4 19. f3 Nxd2 20. Qxd2 Kf7 21. g4 Rg8
22. Qc2 Bf6 23. Bd6 g6 24. Qh2 Ra7 25. h4 Ke8 26. h5 g5 27. Qc2 Rf7 28. gxf5
exf5 29. Bxf5 Bxf5 30. Qxf5 Be7 31. Qe6 Qd7 32. Qxd7+ Kxd7 33. Bxe7 Kxe7 34.
Kd2 Rgf8 35. Ke2 Ke6 36. e4 Rf4 37. exd5+ Kxd5 38. Rd1 Rxf3 39. Rd3 Rxd3 40.
Kxd3 Rf3+ 0-1

[Event "SR 3. liga A2 2006/2007"]
[Site "?"]
[Date "2007.01.14"]
[Round "6"]
[White "Provaznik, Michal"]
[Black "Hecko, Dusan"]
[Result "0-1"]
[WhiteElo "2176"]
[BlackElo "2142"]
[Annotator "Holíc - Osuské B  /1/"]
[PlyCount "116"]
[EventDate "2006.??.??"]

1. Nf3 c5 2. c4 Nc6 3. g3 Nf6 4. Nc3 g6 5. Bg2 Bg7 6. O-O O-O 7. d4 cxd4 8.
Nxd4 Nxd4 9. Qxd4 d6 10. Qd2 Qc7 11. b3 Bd7 12. Bb2 a6 13. a4 Rac8 14. a5 Bc6
15. e4 Rfd8 16. Nd5 Nxd5 17. exd5 Bxb2 18. Qxb2 Bd7 19. Rfe1 Re8 20. Qd2 e5 21.
dxe6 Bxe6 22. Qb4 Re7 23. Rad1 Rd7 24. Rd4 Qd8 25. Red1 Rc5 26. Bd5 Qxa5 27.
Qxa5 Rxa5 28. Bxe6 fxe6 29. Rxd6 Re7 30. Rb6 Rf5 31. Rd8+ Kg7 32. Rb8 Rff7 33.
Kf1 g5 34. Ke2 Kf6 35. Ke3 Ke5 36. f3 Rd7 37. Re8 Rf6 38. Rc8 Rh6 39. h4 gxh4
40. g4 Kf6 41. Rc5 Kf7 42. Rh5 Rxh5 43. gxh5 Kf6 44. Kf4 Rg7 45. h6 Rg6 46. Rd6
h3 47. Rd1 h2 48. Rh1 Rxh6 49. Ke4 Rh4+ 50. f4 e5 51. Kd5 exf4 52. Kd6 Kf5 53.
Kc7 Kg4 54. Kxb7 Kg3 55. c5 Kg2 56. Rxh2+ Kxh2 57. c6 Rh3 58. b4 Rb3 0-1

[Event "SR 3. liga A2 2006/2007"]
[Site "?"]
[Date "2007.01.14"]
[Round "6"]
[White "Pagerka, Martin"]
[Black "Horak, Ivan"]
[Result "1/2-1/2"]
[WhiteElo "1966"]
[BlackElo "2127"]
[Annotator "Holíc - Osuské B  /2/"]
[PlyCount "81"]
[EventDate "2006.??.??"]

1. e4 c5 2. Nf3 d6 3. d4 cxd4 4. Nxd4 Nf6 5. Nc3 a6 6. Be2 b5 7. O-O Bb7 8. Bf3
Nbd7 9. g3 Rc8 10. Re1 e5 11. Nf5 Nc5 12. Bg5 g6 13. Ne3 Be7 14. Bxf6 Bxf6 15.
Ncd5 Bg7 16. Bg2 h5 17. h4 O-O 18. Qe2 Na4 19. c3 Nb6 20. Rad1 Nxd5 21. Nxd5
Bxd5 22. Rxd5 Rc5 23. Red1 Rxd5 24. Rxd5 Qc7 25. a4 bxa4 26. Qxa6 Rb8 27. Rb5
Rxb5 28. Qxb5 Qa7 29. Bf1 a3 30. bxa3 Qxa3 31. Qb4 Qa1 32. Kg2 Bf8 33. Qb3 Qa7
34. Bc4 Kg7 35. Bd5 Qe7 36. Qb7 Qf6 37. Qd7 Be7 38. f3 Bf8 39. c4 Be7 40. Qe8
Bf8 41. Qd7 1/2-1/2

[Event "SR 3. liga A2 2006/2007"]
[Site "?"]
[Date "2007.01.14"]
[Round "6"]
[White "Kovarik, Oto"]
[Black "Diviak, Rastislav"]
[Result "1/2-1/2"]
[WhiteElo "2050"]
[BlackElo "1958"]
[Annotator "Holíc - Osuské B  /3/"]
[PlyCount "102"]
[EventDate "2006.??.??"]

1. e4 d6 2. d4 Nf6 3. Bd3 g6 4. Nf3 Bg7 5. O-O O-O 6. h3 Nbd7 7. c3 e5 8. dxe5
dxe5 9. Be3 Qe7 10. Nbd2 b6 11. Qe2 Bb7 12. Rad1 Nc5 13. Bxc5 Qxc5 14. Nb3 Qe7
15. Rfe1 Rad8 16. Bc2 Bc8 17. Rxd8 Rxd8 18. Rd1 Nh5 19. Rxd8+ Qxd8 20. Qd2 Qe7
21. Nc1 Nf4 22. Ne2 Bh6 23. Nxf4 Bxf4 24. Qd5 c5 25. Qa8 Qb7 26. Qxb7 Bxb7 27.
b3 f6 28. c4 Bc1 29. Kf1 Kf7 30. Ke2 Ke6 31. g4 Bc6 32. Ne1 Bb2 33. f3 Bd4 34.
Bd3 Kd6 $11 35. Nc2 a5 36. a4 Bd7 37. Kf1 g5 38. Kg2 h6 39. Kg3 Be8 40. h4 Bd7
41. Na3 Be8 42. h5 Bd7 43. Kg2 Be8 44. Kf1 Bc6 45. Ke2 Bd7 46. Nb1 Be6 47. Nd2
Bd7 48. Nf1 Bc8 49. Bc2 Bd7 50. Ng3 Bc8 51. Bd1 Bd7 1/2-1/2

[Event "SR 3. liga A2 2006/2007"]
[Site "?"]
[Date "2007.01.14"]
[Round "6"]
[White "Hanzluvka, Peter"]
[Black "Sefcik, Marek"]
[Result "1-0"]
[WhiteElo "2042"]
[BlackElo "1974"]
[Annotator "Holíc - Osuské B  /4/"]
[PlyCount "131"]
[EventDate "2006.??.??"]

1. e4 Nc6 2. Nf3 d5 3. exd5 Qxd5 4. Nc3 Qa5 5. d4 Bg4 6. Be2 O-O-O 7. Be3 e5 8.
Nxe5 Bxe2 9. Qxe2 Nxe5 10. dxe5 Qxe5 11. Qc4 f5 12. O-O Bd6 13. g3 a6 14. Bd4
Qe7 15. Rfe1 Qf8 16. Nd5 Kb8 17. Re6 c6 18. Nb6 Ne7 19. Rxd6 Rxd6 20. Be5 Kc7
21. Rd1 Kxb6 22. Bxd6 Ka7 23. Qe6 Qc8 24. Qxc8 Nxc8 25. Bc5+ Kb8 26. Rd7 Re8
27. Kf1 g6 28. Rxh7 Re6 29. Rg7 b6 30. Be3 c5 31. h4 Ne7 32. h5 gxh5 33. Rh7
Nd5 34. Rxh5 Rf6 35. Ke2 c4 36. Bd4 Rf7 37. Rh6 Kc7 38. Be5+ Kb7 39. Rd6 Nb4
40. Kd2 Nc6 41. Bc3 a5 42. Ke3 Ne7 43. Kf4 Kc7 44. Be5 Kb7 45. Kg5 Nc6 46. Bf6
Kc7 47. Rd5 f4 48. gxf4 Nb4 49. Rd2 Nxa2 50. Kg6 Rf8 51. Kg7 Re8 52. Be5+ Kc6
53. Kf7 Rc8 54. f5 Nb4 55. f6 Nd5 56. Kg7 Nc7 57. Bxc7 Rxc7+ 58. f7 c3 59. bxc3
a4 60. Kg8 Rxf7 61. Kxf7 Kc5 62. Rd4 b5 63. Rb4 a3 64. Rb3 a2 65. Ra3 Kc4 66.
f4 1-0

[Event "SR 3. liga A2 2006/2007"]
[Site "?"]
[Date "2007.01.14"]
[Round "6"]
[White "Bilovsky, Milan"]
[Black "Karlik, Lukas"]
[Result "1-0"]
[WhiteElo "1880"]
[BlackElo "1842"]
[Annotator "Holíc - Osuské B  /5/"]
[PlyCount "107"]
[EventDate "2006.??.??"]

1. e4 d5 2. exd5 Qxd5 3. Nc3 Qa5 4. d4 c6 5. Nf3 Nf6 6. Bd2 Qc7 7. Bd3 Bg4 8.
h3 Bh5 9. Qe2 Nbd7 10. O-O-O O-O-O 11. g4 Bg6 12. Bxg6 hxg6 13. Ng5 e5 14. Nxf7
Bd6 15. Nxd8 Rxd8 16. Ne4 exd4 17. Nxd6+ Qxd6 18. Rhe1 Qd5 19. Qe6 Qf3 20. Qd6
Nb6 21. Qg3 Qd5 22. Kb1 Ne4 23. Qf4 Nd6 24. Re5 Qc4 25. b3 Qa6 26. Bb4 Nd5 27.
Rxd5 cxd5 28. Qxd4 Ne4 29. f3 Nf6 30. Be7 Rd7 31. Qe5 Qc6 32. Ba3 b6 33. Bb2
Kb7 34. Qg5 d4 35. Qxg6 Qxf3 36. Qd3 Qf4 37. Rf1 Qg5 38. Bxd4 Nd5 39. Rf5 Qd8
40. Qf3 Ka6 41. Bxg7 Nb4 42. Qe2+ Kb7 43. Qe4+ Nc6 44. Bc3 Re7 45. Qf3 Qe8 46.
g5 Re3 47. Rf7+ Ka6 48. Qf1+ b5 49. a4 Nd4 50. Qf6+ Ne6 51. Bd4 Re1+ 52. Kb2
bxa4 53. Rxa7+ Kb5 54. Rxa4 1-0

[Event "SR 3. liga A2 2006/2007"]
[Site "?"]
[Date "2007.01.14"]
[Round "6"]
[White "Skapik, Branislav"]
[Black "Holly, Milan"]
[Result "1/2-1/2"]
[WhiteElo "1800"]
[BlackElo "1776"]
[Annotator "Holíc - Osuské B  /6/"]
[PlyCount "64"]
[EventDate "2006.??.??"]

1. e4 b6 2. d4 e6 3. Nc3 Bb7 4. Nf3 Bb4 5. Bd3 Bxc3+ 6. bxc3 Nf6 7. Qe2 O-O 8.
O-O c5 9. Ba3 Qc7 10. e5 Nd5 11. Bxh7+ Kh8 12. Ng5 g6 13. Qf3 Kg7 14. Bc1 cxd4
15. Ba3 Nc6 16. Bxf8+ Rxf8 17. Qh3 Rh8 18. Qf3 Nxe5 19. Qe4 dxc3 20. f4 Ng4 21.
Qd4+ f6 22. Rae1 Qc5 23. Qxc5 bxc5 24. h3 Nge3 25. Rf3 fxg5 26. fxg5 Rxh7 27.
Re2 Kg8 28. Ref2 Rg7 29. Rf8+ Kh7 30. Rb8 Bc6 31. Rff8 Re7 32. Rh8+ Kg7 1/2-1/2

[Event "SR 3. liga A2 2006/2007"]
[Site "?"]
[Date "2007.01.14"]
[Round "6"]
[White "Brisudova, Veronika"]
[Black "Cajka, Tibor"]
[Result "0-1"]
[WhiteElo "1664"]
[BlackElo "1784"]
[Annotator "Holíc - Osuské B  /7/"]
[PlyCount "58"]
[EventDate "2006.??.??"]

1. e4 c5 2. Nf3 Nc6 3. d4 cxd4 4. Nxd4 Nf6 5. Nc3 e5 6. Ndb5 d6 7. Bg5 a6 8.
Na3 b5 9. Nd5 Be7 10. Bxf6 Bxf6 11. c3 O-O 12. Be2 Be6 13. O-O Ne7 14. Nxf6+
gxf6 15. Bg4 Ng6 16. Nc2 Bc4 17. Re1 Nf4 18. Bf5 Kh8 19. Re3 Rg8 20. g3 Qb6 21.
b3 Be6 22. Bxe6 fxe6 23. Kh1 Nh3 24. Qf1 Ng5 25. h4 Nf7 26. Rf3 Qc6 27. Qe2 f5
28. Kh2 Nh6 29. exf5 exf5 {biely cas} 0-1

[Event "SR 3. liga A2 2006/2007"]
[Site "?"]
[Date "2007.01.14"]
[Round "6"]
[White "Danada, Ondrej"]
[Black "Harastova, Viera"]
[Result "0-1"]
[WhiteElo "1602"]
[BlackElo "1607"]
[Annotator "Holíc - Osuské B  /8/"]
[PlyCount "122"]
[EventDate "2006.??.??"]

1. e4 e5 2. Nf3 Nc6 3. d4 exd4 4. Bc4 Be7 5. Nxd4 Nf6 6. Nc3 d6 7. Be3 Ne5 8.
Bb3 c6 9. Qd2 d5 10. exd5 cxd5 11. Bf4 Ng6 12. Ndb5 Nxf4 13. Qxf4 O-O 14. O-O-O
Be6 15. Qc7 a6 16. Qxd8 Rfxd8 17. Nc7 Bc5 18. Nxa8 Rxa8 19. f3 Be3+ 20. Kb1 d4
21. Bxe6 fxe6 22. Ne2 e5 23. f4 Ng4 24. Rd3 Nf2 25. Rxe3 dxe3 26. Re1 exf4 27.
Nxf4 Rd8 28. c3 Re8 29. Nd5 Re5 30. c4 Re4 31. b3 e2 32. Nc3 Re5 33. Rxe2 Rxe2
34. Nxe2 Ng4 35. h4 Ne3 36. g3 Nf5 37. Kc2 Kf7 38. Kd3 Ke7 39. c5 Kd7 40. Ke4
g6 41. b4 Ke7 42. h5 Kd7 43. hxg6 hxg6 44. a4 Kc7 45. Ke5 Ne3 46. Nd4 a5 47. b5
Nc4+ 48. Kf6 Nb2 49. Kxg6 Nxa4 50. Nb3 b6 51. c6 Nc5 52. Nc1 Ne4 53. g4 a4 54.
g5 Nd6 55. Kh7 Nxb5 56. g6 Nd6 57. g7 Ne8 58. g8=Q Nf6+ 59. Kg7 Nxg8 60. Kxg8
Kxc6 61. Kf7 Kc5 0-1

[Event "SR 3. liga A2 2006/2007"]
[Site "?"]
[Date "2007.01.14"]
[Round "6"]
[White "Janko, Ladislav"]
[Black "Schmikli, Laszlo"]
[Result "0-1"]
[WhiteElo "2180"]
[BlackElo "2236"]
[Annotator "Gabcíkovo - Velký Meder  /1/"]
[PlyCount "62"]
[EventDate "2006.??.??"]

1. e4 Nc6 2. d4 d5 3. e5 f6 4. f4 Bf5 5. Nf3 Qd7 6. Be2 O-O-O 7. O-O Be4 8. c3
h6 9. Nbd2 g5 10. exf6 exf6 11. fxg5 Qh7 12. gxf6 Bc2 13. Qe1 Nxf6 14. Ne5 Nxe5
15. dxe5 Bc5+ 16. Kh1 Ne4 17. Nxe4 dxe4 18. Be3 Bxe3 19. Bg4+ Kb8 20. Qxe3 Qg7
21. Bd1 Bd3 22. Rf5 Rhf8 23. Rxf8 Rxf8 24. Be2 Bxe2 25. Qxe2 Qxe5 26. h3 e3 27.
Re1 a6 28. Kg1 Re8 29. Qf3 e2 30. Kf2 Qc5+ 31. Kg3 Re3 0-1

[Event "SR 3. liga A2 2006/2007"]
[Site "?"]
[Date "2007.01.14"]
[Round "6"]
[White "Ress, Tamas"]
[Black "Sulek, Viliam"]
[Result "0-1"]
[WhiteElo "2147"]
[BlackElo "2202"]
[Annotator "Gabcíkovo - Velký Meder  /2/"]
[PlyCount "84"]
[EventDate "2006.??.??"]

1. d4 Nf6 2. c4 g6 3. Nc3 d5 4. cxd5 Nxd5 5. e4 Nxc3 6. bxc3 Bg7 7. Bc4 O-O 8.
Ne2 c5 9. O-O Nc6 10. Be3 Qc7 11. Rc1 Rd8 12. Bf4 e5 13. Bg3 Qe7 14. d5 Na5 15.
Bd3 c4 16. Bc2 b6 17. Qd2 Nb7 18. f4 Bh6 19. Qe1 f6 20. Kh1 Bg4 21. Ng1 Rf8 22.
h3 Bd7 23. Bh2 Rae8 24. Qh4 Qg7 25. Rb1 exf4 26. Qf2 g5 27. Nf3 Nc5 28. Qd4 Qe7
29. Rfe1 Bg7 30. Qxc4 Kh8 31. Bg1 Rc8 32. Qe2 Rfe8 33. Bd4 Qf7 34. c4 Qh5 35.
Bxc5 Rxc5 36. Bd3 g4 37. Nh2 f3 38. hxg4 Qxh2+ 39. Kxh2 fxe2 40. Rxe2 Bxg4 41.
Rf2 Ra5 42. Rh1 Ra3 0-1

[Event "SR 3. liga A2 2006/2007"]
[Site "?"]
[Date "2007.01.14"]
[Round "6"]
[White "Janko, Michal"]
[Black "Ivan, Imrich ml"]
[Result "1/2-1/2"]
[WhiteElo "2083"]
[BlackElo "2034"]
[Annotator "Gabcíkovo - Velký Meder  /3/"]
[PlyCount "83"]
[EventDate "2006.??.??"]

1. e4 e6 2. d4 d5 3. Nd2 dxe4 4. Nxe4 Nd7 5. Nf3 Ngf6 6. Nxf6+ Nxf6 7. c3 Be7
8. Bd3 O-O 9. O-O b6 10. Bf4 Bb7 11. Qe2 Rc8 12. Rfe1 Qd5 13. Rad1 Qh5 14. Ne5
Qxe2 15. Rxe2 Rfd8 16. Ree1 c5 17. dxc5 Bxc5 18. Bc2 h6 19. Be3 Bxe3 20. Rxe3
Rxd1+ 21. Bxd1 Ba6 22. Be2 Bxe2 23. Rxe2 Rd8 24. f3 Rd6 25. Kf2 Nd5 26. Rd2 f6
27. Ng4 Rc6 28. Ne3 Nxe3 29. Kxe3 Rc7 30. Ke4 Kf7 31. f4 g5 32. g3 Ke7 33. f5
Rc4+ 34. Rd4 Rc5 35. fxe6 Re5+ 36. Kf3 Kxe6 37. Rd8 Kf5 38. g4+ Kg6 39. Rd7 Ra5
40. a3 h5 41. h3 hxg4+ 42. hxg4 $11 1/2-1/2

[Event "SR 3. liga A2 2006/2007"]
[Site "?"]
[Date "2007.01.14"]
[Round "6"]
[White "Csefalvay, Stefan"]
[Black "Puobis, Jozef"]
[Result "1/2-1/2"]
[WhiteElo "1957"]
[BlackElo "2043"]
[Annotator "Gabcíkovo - Velký Meder  /4/"]
[PlyCount "80"]
[EventDate "2006.??.??"]

1. d4 d5 2. Nf3 Nf6 3. g3 Bf5 4. Bg2 c6 5. O-O Ne4 6. Nfd2 Nxd2 7. Nxd2 Qd7 8.
e4 dxe4 9. Nxe4 e6 10. c4 Be7 11. Be3 O-O 12. Qd2 Na6 13. a3 Rad8 14. Rad1 Nc7
15. Bf4 Qc8 16. Qa5 Na6 17. h4 Rd7 18. Rd2 Rfd8 19. Rfd1 Bg4 20. f3 Bf5 21. Qc3
c5 22. d5 exd5 23. cxd5 Re8 24. Qc4 b6 25. Kh2 Nb8 26. Nf2 h5 27. Ne4 Qd8 28.
Nc3 a6 29. a4 Bf6 30. Bh3 Bxh3 31. Kxh3 Rde7 32. Ne4 Qd7+ 33. Kg2 Bd4 34. Nd6
Rf8 35. b3 Be5 36. Bxe5 Rxe5 37. Ne4 Rfe8 38. Qd3 Qf5 39. d6 Rd8 40. Qc4 Qe6
1/2-1/2

[Event "SR 3. liga A2 2006/2007"]
[Site "?"]
[Date "2007.01.14"]
[Round "6"]
[White "Kantor, Reka"]
[Black "Szitasi, Janos"]
[Result "1/2-1/2"]
[WhiteElo "1786"]
[BlackElo "1996"]
[Annotator "Gabcíkovo - Velký Meder  /5/"]
[PlyCount "62"]
[EventDate "2006.??.??"]

1. Nf3 d5 2. c4 c6 3. b3 Nf6 4. g3 g6 5. Bg2 Bg7 6. Bb2 O-O 7. d4 Qa5+ 8. Nbd2
Bf5 9. O-O Nbd7 10. Re1 Ne4 11. Nxe4 Bxe4 12. Nd2 Bxg2 13. Kxg2 c5 14. cxd5
cxd4 15. Nf3 Qxd5 16. e4 Qd6 17. Bxd4 e5 18. Bb2 Qe7 19. Qd5 Nb6 20. Qb5 f6 21.
Rad1 Rfc8 22. Qe2 Rc7 23. Rc1 Rac8 24. Rxc7 Rxc7 25. Rc1 Bh6 26. Ba3 Qf7 27.
Rxc7 Qxc7 28. Qb5 Qd7 29. Qa5 Nc8 30. Qc3 Nb6 31. Qa5 Nc8 1/2-1/2

[Event "SR 3. liga A2 2006/2007"]
[Site "?"]
[Date "2007.01.14"]
[Round "6"]
[White "Vizvari, Ludovit"]
[Black "Bott, Tamas"]
[Result "1-0"]
[WhiteElo "2033"]
[BlackElo "1902"]
[Annotator "Gabcíkovo - Velký Meder  /6/"]
[PlyCount "103"]
[EventDate "2006.??.??"]

1. d4 Nf6 2. c4 e5 3. dxe5 Ng4 4. Nf3 Nc6 5. Bf4 Bc5 6. e3 Qe7 7. Be2 Ngxe5 8.
O-O O-O 9. Nc3 Qe6 10. Nd5 Bd6 11. Ng5 Qg6 12. e4 Bc5 13. Nxc7 Rb8 14. Bh5 Qf6
15. Nd5 Qd8 16. Nf3 d6 17. Nxe5 dxe5 18. Be3 Bxe3 19. Nxe3 Qh4 20. Bg4 Rd8 21.
Qf3 Nd4 22. Qh3 Ne2+ 23. Kh1 Qxh3 24. Bxh3 Bxh3 25. gxh3 Nf4 26. Rfd1 Nxh3 27.
Kg2 Nf4+ 28. Kf3 Ne6 29. Nd5 Ng5+ 30. Ke3 f6 31. f3 Kf7 32. Rd2 Ne6 33. b4 Rbc8
34. Rc1 Rc6 35. Rd3 Ra6 36. a3 Nf4 37. Rdc3 g5 38. b5 Rad6 39. a4 b6 40. Ra1
Kg6 41. a5 bxa5 42. Rxa5 R8d7 43. c5 Nxd5+ 44. exd5 Rxd5 45. c6 Rc7 46. Rxa7
Rxa7 47. b6 Ra2 48. c7 f5 49. c8=Q f4+ 50. Ke4 Rad2 51. Qg8+ Kh6 52. Qxd5 1-0

[Event "SR 3. liga A2 2006/2007"]
[Site "?"]
[Date "2007.01.14"]
[Round "6"]
[White "Kosar, Mikulas ml"]
[Black "Ivan, Imrich st"]
[Result "1-0"]
[WhiteElo "1951"]
[BlackElo "1858"]
[Annotator "Gabcíkovo - Velký Meder  /7/"]
[PlyCount "93"]
[EventDate "2006.??.??"]

1. e4 e6 2. Nf3 d5 3. Nc3 d4 4. Ne2 c5 5. c3 Nc6 6. cxd4 cxd4 7. Qa4 Bc5 8. b4
Bxb4 9. Nexd4 Qa5 10. Qb3 Nge7 11. Bb5 Bd7 12. O-O a6 13. Bxc6 Bxc6 14. Nxc6
Nxc6 15. d4 O-O 16. Rb1 b5 17. d5 exd5 18. exd5 Ne7 19. Qxb4 Qxb4 20. Rxb4 Nxd5
21. Rd4 Nc3 22. Rd2 Rfe8 23. Bb2 Na4 24. Bd4 Rac8 25. Rfd1 f6 26. Kf1 b4 27.
Ba1 Nc3 28. Bxc3 Rxc3 29. Rd8 Kf7 30. Rxe8 Kxe8 31. Rd2 a5 32. Nd4 Kf7 33. Ke2
g6 34. Nb5 Rc5 35. Nd6+ Ke6 36. Nb7 Rb5 37. Nd8+ Kf5 38. f3 h5 39. g3 g5 40.
Nc6 Rc5 41. Nd4+ Ke5 42. Ke3 f5 43. f4+ gxf4+ 44. gxf4+ Kf6 45. Rc2 Rd5 46.
Rc6+ Kg7 47. Rc5 1-0

[Event "SR 3. liga A2 2006/2007"]
[Site "?"]
[Date "2007.01.14"]
[Round "6"]
[White "Vegh, Vince"]
[Black "Kosar, Mikulas st"]
[Result "1-0"]
[WhiteElo "1846"]
[BlackElo "1981"]
[Annotator "Gabcíkovo - Velký Meder  /8/"]
[PlyCount "121"]
[EventDate "2006.??.??"]

1. e4 e5 2. Nf3 Nf6 3. Nc3 Nc6 4. d4 exd4 5. Nxd4 Nxd4 6. Qxd4 Ng8 7. Bc4 d6 8.
O-O Qf6 9. Be3 Be6 10. Bb5+ c6 11. Be2 Qxd4 12. Bxd4 c5 13. Be3 a6 14. a4 g6
15. Bf3 Rb8 16. Bf4 f6 17. Rfd1 Rd8 18. Rd2 g5 19. Bh5+ Bf7 20. Bxf7+ Kxf7 21.
Bg3 h5 22. Rad1 Ke6 23. f4 gxf4 24. Bxf4 Nh6 25. Nd5 Rh7 26. Bg3 Nf7 27. Nf4+
Kd7 28. Ng6 Be7 29. Nh4 Ne5 30. b3 a5 31. Bxe5 fxe5 32. Nf5 Ke6 33. h4 Bf8 34.
Rd3 Rdd7 35. Rg3 Kf7 36. Rf1 Ke8 37. Rg8 Rhf7 38. c4 Rh7 39. Rd1 Kf7 40. Rg3
Ke6 41. Rf1 Rdf7 42. Rg6+ Kd7 43. Rd1 Rxf5 44. exf5 Rg7 45. Re6 Rg4 46. Rxe5
Rxh4 47. Rxc5 b6 48. Rcd5 Rg4 49. R1d4 Rxd4 50. Rxd4 Be7 51. g3 Bf6 52. Re4 Be5
53. Kg2 Ke7 54. Rh4 Kf6 55. Rxh5 Bd4 56. g4 Be5 57. Kf3 Bd4 58. Ke4 Be5 59. g5+
Kg7 60. Rh6 Kg8 61. Re6 1-0

[Event "SR 3. liga A2 2006/2007"]
[Site "?"]
[Date "2007.01.14"]
[Round "6"]
[White "Vass, Frantisek"]
[Black "Bukovsky, Milan"]
[Result "1-0"]
[WhiteElo "2352"]
[BlackElo "2036"]
[Annotator "Galanta - Trnava C  /1/"]
[PlyCount "52"]
[EventDate "2006.??.??"]

1. d4 Nf6 2. Bg5 e6 3. Nf3 b6 4. e3 Bb7 5. Nbd2 Be7 6. Bd3 d5 7. Ne5 O-O 8. O-O
Nbd7 9. f4 Rc8 10. Rf3 Ne4 11. Bxe7 Qxe7 12. Rh3 Ndf6 13. Bxe4 dxe4 14. g4 Nd7
15. g5 Nxe5 16. Qh5 h6 17. dxe5 Rcd8 18. Nb3 c5 19. Rg3 Kh7 20. Kf2 Rg8 21.
Rag1 a5 22. Rh3 a4 23. g6+ fxg6 24. Qxg6+ Kh8 25. Rxh6+ gxh6 26. Qxh6+ Qh7 1-0